Cestná daň

Cestná daň v roku 2004 bude platená podľa zákona č. 87/1994 Z.z. o cestnej dani v znení neskorších predpisov. Návrh nového zákona ešte nebol schválený.

Salvato in:
Dettagli Bibliografici
Autore principale: Horváthová, Jana
Natura: Capitolo di libro
Lingua:slovacco
Soggetti:
Tags: Aggiungi Tag
Nessun Tag, puoi essere il primo ad aggiungerne!!

MARC

LEADER 00000naa$a2200000$$$4500
001 0004859
005 20230919094502.5
041 0 |a slo 
044 |a SK 
245 1 0 |a Cestná daň  |c aut. Jana Horváthová 
520 |a Cestná daň v roku 2004 bude platená podľa zákona č. 87/1994 Z.z. o cestnej dani v znení neskorších predpisov. Návrh nového zákona ešte nebol schválený. 
610 2 0 |a dane cestné 
610 2 0 |a 2004 
100 1 |a Horváthová, Jana